Statistics for Countries by Second and Third Letter

Click here to take the quiz!

General Stats

  • This quiz has been taken 397 times
  • The average score is 14 of 24

Answer Stats

2nd and 3rd Letter Country % Correct
EXMexico
97%
RMArmenia
82%
ZBUzbekistan
80%
WESweden
78%
PASpain
77%
UYGuyana
75%
KRUkraine
75%
JIDjibouti
73%
OGTogo
69%
CUEcuador
67%
UWKuwait
65%
UDSudan
64%
AJTajikistan
58%
MAOman
57%
IMZimbabwe
55%
HUBhutan
51%
TAItaly
48%
ABGabon
47%
EBLebanon
41%
UAGuatemala
41%
IRKiribati
37%
EOGeorgia
35%
ICNicaragua
33%
ACMacedonia
32%

Score Distribution

Percentile by Number Answered

Percent of People with Each Score

Your Score History

You have not taken this quiz